Intercommunalités de l'Eure-et-Loir - Statistiques

Statistiques générales
  • Ce quiz a été pris 24 fois
  • Le résultat moyen est 3 sur 10
Statistiques - réponses
Nombres de Communes Intercommunalités % Correct
81 (dont 06 dans l'Eure) Communauté d'Agglomération du Pays de Dreux
100%
20 Communauté de Communes du Perche
70%
39 Communauté de Communes des Portes Euréliennes d'Île-de-France
40%
19 Communauté de Communes du Bonnevalais
35%
33 Communauté de Communes Entre Beauce et Perche
25%
22 Communauté de Communes Terres de Perche
20%
48 Communauté de Communes Cœur de Beauce
15%
15 Communauté de Communes des Forêts du Perche
15%
66 Communauté d'Agglomération Chartres Métropole
10%
23 Communauté de Communes du Grand Châteaudun
10%
Aucun quiz correspondant
Distribution des résultats
% des personnes avec chaque résultat
Percentile par nombre de réponses
Votre historique - résultats
Vous n’avez pas pris ce quiz